00218nam a2200097Ia 4500008004100000082001600041245002900057260000900086650000900095700001600104221030s9999 xx 000 0 und d a105.23bMBA 0aRetailing ManagementbCD c2003 aBook aB. W. Weitz